| 000 | 00375pam a2200145 a 4500 | ||
|---|---|---|---|
| 020 | _a0070034842 | ||
| 040 | _cDLC | ||
| 082 | 0 | 0 | _a004 MCG 1992 A005 Or. |
| 100 | 1 | _aBall, Larry Lennox. | |
| 245 | 1 | 0 | _aCost-efficient network management / |
| 260 |
_aNew York : _bMcGraw-Hill, _cc1992. |
||
| 300 |
_axv, 319 p. : _bill. ; _c24 cm. |
||
| 650 | 0 | _aComputer networks | |
| 942 | _cEK | ||
| 999 |
_c12950 _d12950 |
||